<?xml version="1.0" encoding="UTF-8"?>
<collection xmlns="http://www.loc.gov/MARC21/slim">
    <record>
        <controlfield tag="001">42868</controlfield>
        <controlfield tag="005">20170831083811.0</controlfield>
        <datafield tag="037" ind1=" " ind2=" ">
            <subfield code="a">GDOC-2012-2422</subfield>
        </datafield>
        <datafield tag="041" ind1=" " ind2=" ">
            <subfield code="a">spa</subfield>
        </datafield>
        <datafield tag="100" ind1=" " ind2=" ">
            <subfield code="0">(orcid)0000-0002-9655-5531</subfield>
            <subfield code="a">Burdio Pinilla, José Miguel</subfield>
        </datafield>
        <datafield tag="245" ind1="0" ind2="0">
            <subfield code="9">67210</subfield>
            <subfield code="a">Etapas eléctronicas de potencia resonantes</subfield>
        </datafield>
        <datafield tag="260" ind1=" " ind2=" ">
            <subfield code="a">Zaragoza</subfield>
            <subfield code="b">Universidad de Zaragoza</subfield>
            <subfield code="c">2012-2013</subfield>
        </datafield>
        <datafield tag="520" ind1=" " ind2=" ">
            <subfield code="a">Esta asignatura se orienta a la formación del alumno en el conocimiento de las etapas de potencia de alta eficiencia basadas en técnicas de funcionamiento resonantes, así como de sus aplicaciones típicas. Se abordan tanto el análisis de las diferentes topologías más habituales como su control y diseño. Se hace especial énfasis en las etapas aplicadas al calentamiento por inducción. La asignatura consta de 4 créditos ECTS o 100 horas de trabajo del estudiante. Es una de las asignaturas optativas que pertenecen al bloque “Electrónica para sistemas de potencia”.</subfield>
        </datafield>
        <datafield tag="521" ind1=" " ind2=" ">
            <subfield code="9">657</subfield>
            <subfield code="a">Máster Universitario en Ingeniería Electrónica</subfield>
        </datafield>
        <datafield tag="540" ind1=" " ind2=" ">
            <subfield code="a">by-nc-sa</subfield>
            <subfield code="b">Creative Commons</subfield>
            <subfield code="c">3.0</subfield>
            <subfield code="u">http://creativecommons.org/licenses/by-nc-sa/3.0/</subfield>
        </datafield>
        <datafield tag="700" ind1=" " ind2=" ">
            <subfield code="0">(orcid)0000-0002-1284-9007</subfield>
            <subfield code="a">Lucía Gil, Óscar</subfield>
        </datafield>
        <datafield tag="830" ind1=" " ind2=" ">
            <subfield code="9">329</subfield>
        </datafield>
        <datafield tag="856" ind1="4" ind2=" ">
            <subfield code="s">74674</subfield>
            <subfield code="u">http://zaguan.unizar.es/record/42868/files/guia.pdf</subfield>
            <subfield code="y">Guía (idioma español)</subfield>
        </datafield>
        <datafield tag="980" ind1=" " ind2=" ">
            <subfield code="a">GDOC</subfield>
            <subfield code="b">Ingeniería y Arquitectura</subfield>
            <subfield code="c">110</subfield>
        </datafield>
    </record>

    
</collection>